000 00546nam a2200193Ia 4500
999 _c11045
_d11045
003 OSt
005 20191219141008.0
008 190216s9999||||xx |||||||||||||| ||und||
020 _a9780070667099
040 _coclc
082 _a337
_bPUG/I
100 _aPugel, Thomas A
_9549
245 0 _aInternational Economics /
_cThomas A Pugel
250 _a13th ed.
260 _bTata Mcgrawhill Publishing Companty,
_aNew Delhi:
_c2008.
300 _a730p
650 _aEconomics
942 _cBK
_2ddc
_h337
_iPUG/I
_k337
_mPUG/I